<?xml version="1.0" encoding="UTF-8"?>
<record
    xmlns:xsi="http://www.w3.org/2001/XMLSchema-instance"
    xsi:schemaLocation="http://www.loc.gov/MARC21/slim http://www.loc.gov/standards/marcxml/schema/MARC21slim.xsd"
    xmlns="http://www.loc.gov/MARC21/slim">

  <leader>03688nam a2200361 a 4500</leader>
  <controlfield tag="003">CHAP</controlfield>
  <controlfield tag="005">20250917181903.0</controlfield>
  <controlfield tag="007">ta</controlfield>
  <controlfield tag="008">220117s1996xx  mx ad  frm000 0 1n0 spa d</controlfield>
  <datafield tag="010" ind1=" " ind2=" ">
    <subfield code="a">186052</subfield>
  </datafield>
  <datafield tag="040" ind1=" " ind2=" ">
    <subfield code="a">mxchpua</subfield>
    <subfield code="c">CHAP</subfield>
    <subfield code="e">rda</subfield>
  </datafield>
  <datafield tag="041" ind1="0" ind2=" ">
    <subfield code="a">spa</subfield>
    <subfield code="b">spa</subfield>
  </datafield>
  <datafield tag="090" ind1=" " ind2=" ">
    <subfield code="a">Tesis</subfield>
    <subfield code="b">V59</subfield>
    <subfield code="c">1996</subfield>
  </datafield>
  <datafield tag="100" ind1="1" ind2=" ">
    <subfield code="a">Vizca&#xED;no Gonz&#xE1;lez, Silvia</subfield>
  </datafield>
  <datafield tag="245" ind1="1" ind2="0">
    <subfield code="a">CALPER : </subfield>
    <subfield code="b">sistema de c&#xF3;mputo para calcular p&#xE9;rdidas de carga totales en tuber&#xED;as /</subfield>
    <subfield code="c">Silvia Vizca&#xED;no Gonz&#xE1;lez</subfield>
  </datafield>
  <datafield tag="264" ind1=" " ind2=" ">
    <subfield code="a">Chapingo, M&#xE9;xico :</subfield>
    <subfield code="b">El autor,</subfield>
    <subfield code="c">1996</subfield>
  </datafield>
  <datafield tag="300" ind1=" " ind2=" ">
    <subfield code="a">vi, 82 hojas :</subfield>
    <subfield code="b">ilustraciones, gr&#xE1;ficas, tablas</subfield>
  </datafield>
  <datafield tag="336" ind1=" " ind2=" ">
    <subfield code="2">rdacontent</subfield>
    <subfield code="a">texto</subfield>
    <subfield code="b">txt</subfield>
  </datafield>
  <datafield tag="337" ind1=" " ind2=" ">
    <subfield code="2">rdamedia</subfield>
    <subfield code="a">no mediado</subfield>
    <subfield code="b">n</subfield>
  </datafield>
  <datafield tag="338" ind1=" " ind2=" ">
    <subfield code="2">rdacarrier</subfield>
    <subfield code="a">volumen</subfield>
    <subfield code="b">nc</subfield>
  </datafield>
  <datafield tag="502" ind1=" " ind2=" ">
    <subfield code="a">Tesis</subfield>
    <subfield code="b">(Ingeniero Agroindustrial) -- </subfield>
    <subfield code="c">UACh. Departamento de Ingenier&#xED;a Agroindustrial,</subfield>
    <subfield code="d">1996</subfield>
  </datafield>
  <datafield tag="504" ind1=" " ind2=" ">
    <subfield code="a">Bibliograf&#xED;a: hojas 81-82</subfield>
  </datafield>
  <datafield tag="520" ind1="3" ind2=" ">
    <subfield code="a">A trav&#xE9;s del tiempo ha venido creciendo la necesidad de creaci&#xF3;n de software para la realizaci&#xF3;n de los c&#xE1;lculos necesarios en la soluci&#xF3;n de problemas t&#xE9;cnicos-ingenieriles, utilizando las facilidades de rapidez y precisi&#xF3;n que ofrecen las computadoras, ya que hasta ahora se han venido efectuando, generalmente, en forma manual, lo cual es poco eficiente en cuanto a tiempo y aumenta la probabilidad de que se cometan errores. En la ingenier&#xED;a muchos c&#xE1;lculos son de tal magnitud que es necesario utilizar la computadora para realizarlos. Por ello se debe crear software de acuerdo a las condiciones y necesidades espec&#xED;ficas que corresponden a la etapa de desarrollo t&#xE9;cnico de un pa&#xED;s. La computadora est&#xE1; interviniendo notablemente en la pr&#xE1;ctica de la ingenier&#xED;a, y r&#xE1;pidamente se convirti&#xF3; en un medio indispensable para la soluci&#xF3;n de problemas y auxiliar al ingeniero en varias formas. En la actualidad aparece como una necesidad urgente la optimizaci&#xF3;n de recursos en la producci&#xF3;n de alimentos, es por ello que todos nuestros esfuerzos deben estar encaminados hacia este objetivo. En muchos procesos agron&#xF3;micos (sistemas de riego presurizados), industriales (oleoductos, gaseoductos, etc) civiles (redes de drenaje y agua potable) y forestales es necesario la conducci&#xF3;n de distintos l&#xED;quidos a trav&#xE9;s de redes de tuber&#xED;as. 
De ah&#xED; la necesidad de hacer m&#xE1;s eficiente el proceso de c&#xE1;lculo en el dise&#xF1;o de tuber&#xED;as, debido a que es uno de los m&#xE1;s delicados por su gran susceptibilidad a cambios significativos en costos. Al realizarlo manualmente se puede incurrir en errores, debido a la gran cantidad de tablas, &#xE1;bacos y f&#xF3;rmulas que es necesario utilizar y su realizaci&#xF3;n es muy lenta. Por esto es de suma importancia la automatizaci&#xF3;n de este proceso, que traer&#xED;a como consecuencia un dise&#xF1;o &#xF3;ptimo con una gran precisi&#xF3;n, redundando en un ahorro econ&#xF3;mico considerable tanto en los costos de adquisici&#xF3;n de la tuber&#xED;a como en los costos de operaci&#xF3;n y mantenimiento. Por lo anterior se destaca que la tarea principal del presente trabajo es la elaboraci&#xF3;n de un sistema de c&#xF3;mputo que efect&#xFA;e en forma eficiente y precisa el c&#xE1;lculo de p&#xE9;rdidas totales (por fricci&#xF3;n y localizadas) en tuber&#xED;as, al se llamar&#xE1; CALPER, que se deriva del nombre de c&#xE1;lculo de p&#xE9;rdidas. </subfield>
  </datafield>
  <datafield tag="650" ind1="1" ind2="3">
    <subfield code="a">Ductos</subfield>
    <subfield code="2">atg</subfield>
    <subfield code="x">Programas de computadores</subfield>
  </datafield>
  <datafield tag="650" ind1="1" ind2="3">
    <subfield code="a">Ductos</subfield>
    <subfield code="2">atg</subfield>
    <subfield code="x">Dise&#xF1;o asistido por computador</subfield>
  </datafield>
  <datafield tag="650" ind1="1" ind2="3">
    <subfield code="a">Pipelines</subfield>
    <subfield code="2">atg</subfield>
    <subfield code="x">Computer software</subfield>
  </datafield>
  <datafield tag="650" ind1="1" ind2="3">
    <subfield code="a">Pipelines</subfield>
    <subfield code="2">atg</subfield>
    <subfield code="x">Computer-aided design</subfield>
  </datafield>
  <datafield tag="700" ind1="1" ind2=" ">
    <subfield code="a">Ch&#xE1;vez Mota, Ramiro</subfield>
    <subfield code="e">director</subfield>
  </datafield>
  <datafield tag="700" ind1="1" ind2=" ">
    <subfield code="a">Maldonado Estrella, Jos&#xE9; Antonio</subfield>
    <subfield code="e">asesor</subfield>
  </datafield>
  <datafield tag="700" ind1="1" ind2=" ">
    <subfield code="a">Covarrubias Guti&#xE9;rrez, Ignacio</subfield>
    <subfield code="e">asesor</subfield>
  </datafield>
  <datafield tag="901" ind1=" " ind2=" ">
    <subfield code="a">TESIS V59 1996</subfield>
  </datafield>
  <datafield tag="942" ind1=" " ind2=" ">
    <subfield code="c">TESIS</subfield>
    <subfield code="2">Clasificaci&#xF3;n Universidad Aut&#xF3;noma Chapingo</subfield>
  </datafield>
  <datafield tag="999" ind1=" " ind2=" ">
    <subfield code="c">186052</subfield>
    <subfield code="d">186052</subfield>
  </datafield>
  <datafield tag="952" ind1=" " ind2=" ">
    <subfield code="0">0</subfield>
    <subfield code="1">0</subfield>
    <subfield code="2">local</subfield>
    <subfield code="4">0</subfield>
    <subfield code="5">1</subfield>
    <subfield code="7">0</subfield>
    <subfield code="8">TESIS</subfield>
    <subfield code="a">IA_</subfield>
    <subfield code="b">IA_</subfield>
    <subfield code="d">2025-09-17</subfield>
    <subfield code="e">El autor</subfield>
    <subfield code="l">0</subfield>
    <subfield code="o">Tesis V59 1996</subfield>
    <subfield code="p">1101015979</subfield>
    <subfield code="r">2026-02-02 00:00:00</subfield>
    <subfield code="t">Ej. 1</subfield>
    <subfield code="w">2025-09-17</subfield>
    <subfield code="y">TESIS</subfield>
  </datafield>
  <datafield tag="952" ind1=" " ind2=" ">
    <subfield code="0">0</subfield>
    <subfield code="1">0</subfield>
    <subfield code="2">local</subfield>
    <subfield code="4">0</subfield>
    <subfield code="5">5</subfield>
    <subfield code="7">0</subfield>
    <subfield code="8">TESIS</subfield>
    <subfield code="a">IA_</subfield>
    <subfield code="b">IA_</subfield>
    <subfield code="d">2025-09-17</subfield>
    <subfield code="e">El autor</subfield>
    <subfield code="l">0</subfield>
    <subfield code="o">Tesis V59 1996</subfield>
    <subfield code="p">1101015980</subfield>
    <subfield code="r">2026-02-02 00:00:00</subfield>
    <subfield code="t">Ej. 2</subfield>
    <subfield code="w">2025-09-17</subfield>
    <subfield code="y">TESIS</subfield>
  </datafield>
</record>
